Nigeria. (Record no. 114293)
[ view plain ]
| 000 -LEADER | |
|---|---|
| fixed length control field | 00363nam a2200157 a 4500 |
| 005 - DATE AND TIME OF LATEST TRANSACTION | |
| control field | 20140414132055.0 |
| 008 - FIXED-LENGTH DATA ELEMENTS--GENERAL INFORMATION | |
| fixed length control field | 100520s19uu xx 00 eng d |
| 050 ## - LIBRARY OF CONGRESS CALL NUMBER | |
| Classification number | REF 966.9 |
| Item number | I85 2001 |
| 100 ## - MAIN ENTRY--PERSONAL NAME | |
| Personal name | Ismail, Yinka |
| 245 ## - TITLE STATEMENT | |
| Title | Nigeria. |
| 260 ## - PUBLICATION, DISTRIBUTION, ETC. (IMPRINT) | |
| Name of publisher, distributor, etc | Gareth Stevens. |
| 440 ## - SERIES STATEMENT/ADDED ENTRY--TITLE | |
| Title | Eyewitness books |
| 650 ## - SUBJECT ADDED ENTRY--TOPICAL TERM | |
| Topical term or geographic name as entry element | Nigeria |
| Withdrawn status | Lost status | Damaged status | Home library | Current library | Shelving location | Date acquired | Source of acquisition | Total Checkouts | Full call number | Barcode | Date last seen | Price effective from | Koha item type |
|---|---|---|---|---|---|---|---|---|---|---|---|---|---|
| Munich Library | Munich Library | Reference Section | 05/20/2010 | REF 966.9 I85 2001 | M6091 | 04/14/2014 | 04/14/2014 | Books | |||||
| Munich Library | Munich Library | Reference Section | 01/20/2011 | REF 966.9 I85 2001 | M3779 | 04/14/2014 | 04/14/2014 | Books |